Zarządzanie kosztami logistyki w przedsiębiorstwach

Salvato in:
Dettagli Bibliografici
Autore principale: Iskra, Mariusz, 1980-
Natura: Capitolo di libro
Lingua:polacco
Soggetti:
Tags: Aggiungi Tag
Nessun Tag, puoi essere il primo ad aggiungerne!!

MARC

LEADER 00000nla a2200000 4500
001 0196056
005 20240502073314.0
041 0 |a pol 
044 |a SK 
245 1 0 |a Zarządzanie kosztami logistyki w przedsiębiorstwach  |c Mariusz Iskra 
610 2 0 |a logistika 
610 2 0 |a náklady 
610 2 0 |a sklady 
610 2 0 |a hospodárstvo skladové 
610 2 0 |a zásoby skladové 
100 1 |a Iskra, Mariusz, 1980-